Cryptids - Statistics

General Stats
  • This quiz has been taken 110 times
  • The average score is 6 of 11
Answer Stats
Hint Answer % Correct
Possibly the most famous cryptid, this large, hairy creature dwells in North America. Bigfoot
96%
First seen in 1960s West Virginia, this winged humanoid has red eyes. Moth Man
91%
Aquatic creature of folklore said to dwell in a certain Scottish lake. Loch Ness Monster
86%
Puerto Rican cryptid who's name translates to "Goat sucker" Chupacabra
85%
This cryptid, originating from Algonquin legend, is a cannabalistic spirit that can possess people. Wendigo
82%
This primate releases a pungent odor and inhabits Florida's Everglades. Skunk Ape
35%
This lake dweller inhabits North America's Lake Champlain. Champ
29%
This large red snake-like creature dwells underneath the sands of the Gobi Desert. Mongolian Death Worm
16%
This Appalachian cryptid may look like a deer from a distance but has unsettling differences. Not Deer
15%
This Wisconsin cryptid has horns and spines on its back. Hodag
10%
This goat like hominid lures people to their death by imitating loved one's voices and convincing them to stand on train tracks. Pope Lick Monster
8%
No matching quizzes found
Score Distribution
Percent of People with Each Score
Percentile by Number Answered
Your Score History
You have not taken this quiz